Jangan jadi kera sumbang

Bibliographic Details
Main Author: Hanafiah Latif
Format: Book
Published: Melaka : Associated Educational Distributors (M) Sdn. Bhd. , 2016
Series:Siri kebersihan 2
Subjects:

MARC

LEADER 00000cam a2200000 7i4500
001 0000084868
005 20220105104315.0
008 200115
020 |a 9789670964683 
020 |a 9789670967676 (set) 
041 0 |a Malay 
090 0 0 |a JP   |b MAL 
100 0 |a Hanafiah Latif 
245 0 0 |a Jangan jadi kera sumbang   |c Hanafiah Latif 
260 |a Melaka :   |b Associated Educational Distributors (M) Sdn. Bhd. ,   |c 2016 
300 |a 14 p. :   |b ill., col. ;   |c 26.1 cm. 
490 0 |a Siri kebersihan 2 
500 |a Children age 4-6 years old (yellow) 
541 0 0 |c Purchased on 2019   |f 1011 AKIZ   |h RM12.80 
650 0 |a Junior picture, Malay 
999 |a 0001614667   |b Book   |c Children Collection   |e Cawangan Bandar Tenggara 
999 |a 0001614668   |b Book   |c Children Collection   |e Cawangan Kota Tinggi 
999 |a 0001614669   |b Book   |c Children Collection   |e Cawangan Pontian 
999 |a 0001614670   |b Book   |c Children Collection   |e Cawangan Segamat 
999 |a 0001614671   |b Book   |c Children Collection   |e Cawangan Tangkak 
999 |a 0001614672   |b Book   |c Children Collection   |e Cawangan Tmn. Ungku Tun Aminah 
999 |a 0001614673   |b Book   |c Children Collection   |e Cawangan Batu Pahat 
999 |a 0001614674   |b Book   |c Children Collection   |e Cawangan Bandar Penawar 
999 |a 0001614676   |b Book   |c Children Collection   |e Cawangan Bukit Gambir 
999 |a 0001614677   |b Book   |c Children Collection   |e Cawangan Taman Sri Lambak 
999 |a 0001614678   |b Book   |c Children Collection   |e Cawangan Mersing 
999 |a 0001614679   |b Book   |c Children Collection   |e Cawangan Muar 
999 |a 0001614680   |b Book   |c Children Collection   |e Cawangan Taman Universiti 
999 |a 0001614981   |b Book   |c Children Collection   |e Cawangan Urban Transformation Centre 
999 |a 0001614982   |b Book   |c Children Collection   |e Perbadanan Perpustakaan Awam Johor